| 000 | 03364cam a2200565 i 4500 | ||
|---|---|---|---|
| 001 | on1081375981 | ||
| 003 | TZ-ArACH | ||
| 005 | 20230921114423.0 | ||
| 008 | 181219s2019 enk b 001 0 eng | ||
| 010 | _a 2018060750 | ||
| 015 |
_aGBB9B2641 _2bnb |
||
| 016 | 7 |
_a019444583 _2Uk |
|
| 020 |
_a9781108415477 _q(alk. paper) |
||
| 020 |
_a1108415474 _q(alk. paper) |
||
| 020 |
_a9781108401470 _q(paperback) |
||
| 020 |
_a1108401473 _q(paperback) |
||
| 020 | _z9781108246446 (PDF ebook) | ||
| 035 | _a(OCoLC)1081375981 | ||
| 040 |
_aDLC _beng _erda _cTZ-ArACH |
||
| 042 | _apcc | ||
| 049 | _aTZAA | ||
| 050 | 0 | 0 |
_aKZ6269 _b.P43 2019 |
| 100 | 1 |
_aPeat, Daniel, _eauthor. |
|
| 245 | 1 | 0 |
_aComparative reasoning in international courts and tribunals / _cDaniel Peat, Leiden University. |
| 260 |
_aCambridge, United Kingdom : _bCambridge University Press, _c2019. |
||
| 300 |
_axxv, 258 pages ; _c24 cm. |
||
| 490 | 1 |
_aCambridge studies in international and comparative law ; _v145 |
|
| 504 | _aIncludes bibliographical references (page 222-248) and index. | ||
| 505 | 0 | 0 |
_tThe limits of the Vienna Convention -- _tDomestic law in the jurisprudence of the International Court of Justice -- _tThe interpretation of schedules of commitments in the WTO -- _tInternational investment law and the public law analogy -- _tConsensus doctrine in the European Court of Human Rights -- _tDomestic law and system building in the ICTY. |
| 520 | _a"Domestic law has long been recognised as a source of international law, an inspiration for legal developments, or the benchmark against which a legal system is to be assessed. Academic commentary normally re-traces these well-trodden paths, leaving one with the impression that the interaction between domestic and international law is unworthy of further enquiry. However, a different - and surprisingly pervasive - nexus between the two spheres has been largely overlooked: the use of domestic law in the interpretation of international law. This book examines the practice of five international courts and tribunals to demonstrate that domestic law is invoked to interpret international law, often outside the framework of Articles 31 to 33 of the Vienna Convention on the Law of Treaties. It assesses the appropriateness of such recourse to domestic law as well as situating the practice within broader debates regarding interpretation and the interaction between domestic and international legal systems."-- | ||
| 650 | 0 |
_aInternational courts _xRules and practice. _9163 |
|
| 650 | 0 |
_aLaw _xMethodology. _93057 |
|
| 650 | 0 | _aInternational and municipal law. | |
| 650 | 0 | _aComparative law. | |
| 650 | 6 |
_aTribunaux internationaux _xReglements et procedure. |
|
| 650 | 6 | _aDroit international et droit interne. | |
| 650 | 6 | _aDroit compare. | |
| 650 | 7 |
_aLaw _xMethodology. _2fast _93057 |
|
| 650 | 7 |
_aComparative law. _2fast |
|
| 650 | 7 |
_aInternational and municipal law. _2fast |
|
| 650 | 7 |
_aInternational courts. _2fast |
|
| 650 | 7 |
_aInternational courts. _2pplt |
|
| 650 | 7 |
_aInternational law and national law. _2pplt |
|
| 650 | 7 |
_aInterpretation. _2pplt |
|
| 650 | 7 |
_aComparative law. _2pplt |
|
| 655 | 7 |
_aRules. _2fast |
|
| 776 | 0 | 8 |
_iebook version : _z9781108246446 |
| 830 | 0 |
_aCambridge studies in international and comparative law (Cambridge, England : 1996) ; _v145. _9706 |
|
| 942 |
_2lcc _cBOOK |
||
| 999 |
_c6770 _d6770 |
||